LEADER 00838nam0-2200301 --450 001 9910429560103321 005 20210115112618.0 010 $a9781108425964 010 $a9781108441964$bpbk 100 $a20210115d2018----kmuy0itay5050 ba 101 0 $aeng 102 $aGB 105 $a 001yy 200 1 $aHungry nation$efood, famine, and the making of modern India$fBenjamin Robert Siegel 210 $aCambridge$cCambridge University press$d2018 215 $aVI, 280 p.$cill.$d24 cm 676 $a363.8 676 $a338.10954 676 $a954.05 676 $a954.04 700 1$aSiegel,$bBenjamin Robert$0790336 801 0$aIT$bUNINA$gREICAT$2UNIMARC 901 $aBK 912 $a9910429560103321 952 $a363.8 SIE 1$b2020/1847$fFLFBC 959 $aFLFBC 996 $aHungry nation$91764474 997 $aUNINA LEADER 02432oam 2200757zu 450 001 9910159400403321 005 20210721060346.0 035 $a(CKB)3170000000053207 035 $a(SSID)ssj0000702414 035 $a(PQKBManifestationID)12249730 035 $a(PQKBTitleCode)TC0000702414 035 $a(PQKBWorkID)10679566 035 $a(PQKB)10716995 035 $a(MiAaPQ)EBC5693225 035 $a(EXLCZ)993170000000053207 100 $a20160829d2004 uy 101 0 $afre 181 $ctxt 182 $cc 183 $acr 200 12$aL'autisme, une autre intelligence : diagnostic, cognition et support des personnes autistes sans déficience intellectuelle 210 31$a[Place of publication not identified]$cMardaga$d2004 300 $aBibliographic Level Mode of Issuance: Monograph 311 $a2-87009-869-3 606 $aMental Disorders Diagnosed in Childhood 606 $aAttitude to Health 606 $aAge Groups 606 $aPersonality 606 $aPersons 606 $aDelivery of Health Care 606 $aAttitude 606 $aMental Disorders 606 $aBehavior and Behavior Mechanisms 606 $aPsychiatry and Psychology 606 $aHealth Care Quality, Access, and Evaluation 606 $aNamed Groups 606 $aHealth Care 606 $aIntelligence 606 $aChild Development Disorders, Pervasive 606 $aHealth Knowledge, Attitudes, Practice 606 $aInfant 606 $aChild 615 2$aMental Disorders Diagnosed in Childhood 615 2$aAttitude to Health 615 2$aAge Groups 615 2$aPersonality 615 2$aPersons 615 2$aDelivery of Health Care 615 2$aAttitude 615 2$aMental Disorders 615 2$aBehavior and Behavior Mechanisms 615 2$aPsychiatry and Psychology 615 2$aHealth Care Quality, Access, and Evaluation 615 2$aNamed Groups 615 2$aHealth Care 615 2$aIntelligence 615 2$aChild Development Disorders, Pervasive 615 2$aHealth Knowledge, Attitudes, Practice 615 2$aInfant 615 2$aChild 700 $aMottron$b Laurent$0988566 801 0$bPQKB 906 $aBOOK 912 $a9910159400403321 996 $aL'autisme, une autre intelligence : diagnostic, cognition et support des personnes autistes sans déficience intellectuelle$92260491 997 $aUNINA